| 000 | 02255nam a22001937a 4500 | ||
|---|---|---|---|
| 001 | 85865 | ||
| 005 | 20260430120721.0 | ||
| 008 | 260430s2025 sp ||||| |||| 00| 0 spa d | ||
| 040 |
_aM-RABA _bspa _cM-RABA |
||
| 245 | 0 | 0 |
_a40 años, 75 textos _b: 1985-2025 _c/ AV |
| 260 |
_aMadrid _b: Arquitectura Viva _c, [2025] |
||
| 300 |
_a63 p. _b: il. col. _c; 30 cm |
||
| 500 | 0 | 0 | _aEn contraport.: Iñaki Ábalos · Miguel Aguiló · Ricardo Aroca · Joaquín Bérchez · Iñaki Bergera · Francisco Burgos · Alberto Campo Baeza · Fernanda Canales · François Chaslin · David Chipperfield · Francesco Dal Co · Begoña Díaz-Urgorri · Estrella de Diego · Gong Dong · Peter Eisenman · Ana Esteban Maluenda · Norman Foster · Kenneth Frampton · Lucía Franco · José Luis García Delgado · Ignacio García Pedrosa · Ángela García de Paredes · Antón Garcí-Abril · Adela García-Herrera · Ginés Garrido · Javier Gomá · Anna Heringer · Juan Herreros · Jacques Herzog · Louisa Hutton · Fulvio Irace · Justo Isasi · Andrés Jaque · Carlos Jiménez · Francis Kéré · Kengo Kuma · Rafael de La-Hoz · Vittorio Magnano Lampugnani · José María de Lapuerta · Liane Lefaivre · Lars Lerup · José Ignacio Linazasoro · Eduardo Mangada · Francisco Mangado · Simón Marchán Fiz · Giancarlo Mazzanti · Joaquín Medina Warmburg · Fernando Menis · Débora Mesa · Juan Miró Sardá · Rafael Moneo · Juan Navarro Baldeweg · Fuensanta Nieto · Elena Ochoa · Antonio Ortiz · Marina Otero · Ignacio Paricio · Dominique Perrault · Renzo Piano · Alberto Pieltain · Carme Pinós · Manuel Pizarro · Eduardo Prieto · Julia Ramírez-Blanco · Thomas Reese · Joan Roig · Josean Ruiz Esquíroz · Jorge Sainz · José Manuel Sánchez Ron · Matthias Sauerbruch · Álvaro Siza · Enrique Sobejano · Eduardo Souto de Moura · Benedetta Tagliabue · Emilio Tuñón · Alexander Tzonis · Cristián Undurraga · Fermín Vázquez · Guillermo Vázquez Consuegra · Juan Villoro · Sarah Whiting · Dulce Xerach |
| 650 | 0 |
_aArte- _zEspaña- _yS. XX _983624 |
|
| 700 | 1 |
_aFernández Galiano, Luis A. ( _d1950-) _958037 _edirector publicación |
|
| 710 |
_aArquitectura Viva (Madrid) _9109449 |
||
| 852 | _jF-16128 | ||
| 942 |
_cFONDOMODER _n0 |
||
| 999 |
_c85865 _d85865 |
||